Bão Biển Tập kịch
Wedi'i Gadw mewn:
| Prif Awdur: | |
|---|---|
| Fformat: | Llyfr |
| Iaith: | Vietnamese |
| Cyhoeddwyd: |
Hà Nội
Văn học
2018
|
| Pynciau: | |
| Tagiau: |
Ychwanegu Tag
Dim Tagiau, Byddwch y cyntaf i dagio'r cofnod hwn!
|
| Thư viện lưu trữ: | Trung tâm Học liệu Lê Vũ Hùng, Trường Đại học Đồng Tháp |
|---|
| LEADER | 00680pam a22002178a 4500 | ||
|---|---|---|---|
| 001 | 00043495 | ||
| 005 | 20190108150103.0 | ||
| 008 | 110813s2004 ||||||viesd | ||
| 020 | # | # | |a 978 604 969 680 0 |c 0 |
| 041 | 0 | # | |a vie |
| 082 | 1 | # | |a 895.922 23 |b B108B |
| 100 | 0 | # | |a Vương Lan |
| 245 | 0 | 0 | |c Vương Lan |a Bão Biển |b Tập kịch |
| 260 | # | # | |a Hà Nội |b Văn học |c 2018 |
| 300 | # | # | |a 485 tr. |c 21 cm. |
| 653 | # | # | |a Kịch |
| 653 | # | # | |a Việt Nam |
| 653 | # | # | |a Văn học hiện đại |
| 852 | # | # | |j KM.0026781 |j KD.0025881 |j KM.0026780 |j KM.0026782 |
| 910 | # | # | |d 7/1/2019 |
| 980 | # | # | |a Trung tâm Học liệu Lê Vũ Hùng, Trường Đại học Đồng Tháp |